| 000 | 00553nam a2200181 i 4500 | ||
|---|---|---|---|
| 001 | 103785 | ||
| 003 | ES-MaACL | ||
| 005 | 20230906183438.0 | ||
| 007 | t| | ||
| 008 | 051118s1961 sp ||||1| spa d | ||
| 100 | 1 |
_aMeseguer y Murcia, David. _980661 |
|
| 245 | 1 | 0 |
_aJuventud y moral o moral de jóvenes / _cDavid Meseguer y Murcia, S. J.; prólogo del R. P. Angel Ayala, S. J. |
| 250 | _a2ª ed. | ||
| 260 |
_aMadrid : _bStudium, _c1961. |
||
| 300 |
_a363 p. ; _c24 cm. |
||
| 700 | 1 |
_aAyala, Angel. _924105 |
|
| 852 |
_aES-MaACL _jC-20605 _bR.49195 |
||
| 999 |
_c103785 _d103785 |
||